| 000 | 00591nam a2200193Ia 4500 | ||
|---|---|---|---|
| 005 | 20250508164800.0 | ||
| 008 | 008 250505s9999 xx 000 0 eng d | ||
| 037 | _aReference | ||
| 040 |
_aFEDL _beng _cFEDL |
||
| 041 |
_aeng _2eng |
||
| 084 |
_a420, CEN/RR _qFEDL |
||
| 245 | 0 | _aInteract in english: Literature reader: A textbook for english course (Communicative) class 9 | |
| 245 | 0 | _cC B S E | |
| 260 |
_aDelhi, India _bCentral Board of Secondary Education _c2004 |
||
| 300 | _a111p. | ||
| 365 |
_aINR _b35 |
||
| 942 |
_cREF _h420, CEN/RR |
||
| 999 |
_c1391131 _d1391131 |
||